| 000 | 01263nam a22003617a 4500 | ||
|---|---|---|---|
| 003 | CHAP | ||
| 005 | 20220817044057.0 | ||
| 008 | 060208d2005 it rn 00110 spa d | ||
| 010 | _a91654 | ||
| 011 | _a92626 | ||
| 020 | _a9250053037 | ||
| 035 | _a103191 | ||
| 040 | _cCHAP | ||
| 082 | 0 | 4 |
_a639.2 _bF46Y v.773 |
| 110 | 0 | _aFAO | |
| 245 | 1 | 0 |
_aInforme del taller sobre factibilidad de establecimiento de una red de cooperación en acuicultura en América Latina y el Caribe _c/por FAO |
| 250 | _aEd. bilingue : Español, Inglés | ||
| 260 |
_aRoma : _bFAO, _c2005. |
||
| 300 | _a43 p. : | ||
| 490 | 0 |
_aFAO. Informe de pesca _v; 773 |
|
| 590 |
_aBATCH-UPD _b10 _c20130110 _lUCH01 _h0456 |
||
| 590 |
_aBATCH-UPD _b10 _c20130410 _lUCH01 _h0133 |
||
| 590 |
_aBATCH-UPD _b10 _c20130913 _lUCH01 _h1924 |
||
| 590 |
_aCONVERSION _b10 _c20130109 _lUCH01 _h1351 |
||
| 650 | 1 | 4 |
_aAcuicultura _zAmérica Latina. _9783 |
| 650 | 1 | 4 |
_aAcuicultura _zCaribe. _9785 |
| 830 | 0 |
_aFAO. Informe de pesca _v; 773 _939587 |
|
| 901 | _aBK | ||
| 905 | _aAlejandra Carrasco M. | ||
| 942 | _cLIBRO | ||
| 949 |
_a639.2 F46Y v.773 _bBC _cFAO _d33724000968954 _eFAO1 _gDonaciØn _h107090 _i103191 _sb |
||
| 949 |
_a639.2 F46Y v.773 _bBC _cFAO _d33724000968962 _eFAO2 _fc.2 _gDonaciØn _h107091 _i103191 _sb |
||
| 999 |
_c91654 _d91654 |
||